| 000 | 00580nam a2200217Ia 4500 | ||
|---|---|---|---|
| 003 | OSt | ||
| 005 | 20250917121311.0 | ||
| 008 | 210719s9999 xx 000 0 und d | ||
| 040 | _cAL | ||
| 041 | _aTulu | ||
| 082 | _aT894.2 RAVM | ||
| 100 |
_aRAV (P S) _dರಾವ್ (ಪಿ ಎಸ್) _9239036 |
||
| 245 |
_aMatidanti mata _bಮತಿದಾಂತಿ ಮಾಟ |
||
| 260 |
_aMangaluru _bSahodara Kala Vranda |
||
| 300 |
_a44 _bPB |
||
| 365 |
_b1.5 _cRs |
||
| 650 |
_aTulu Drama _9239037 |
||
| 650 |
_aTulu Drama _9239037 |
||
| 906 | _amata ; Matidanti | ||
| 942 |
_2ddc _cBK |
||
| 999 |
_c214647 _d214647 |
||